书目信息 |
| 题名: |
园林植物与应用
|
|
| 作者: | 李文敏, 编著 | |
| 分册: | ||
| 出版信息: | 北京 中国建筑工业出版社 2006.03 |
|
| 页数: | 345页 | |
| 开本: | 26cm | |
| 丛书名: | ||
| 单 册: | ||
| 中图分类: | S688 | |
| 科图分类: | ||
| 主题词: | 园林植物--yuan lin zhi wu--高等学校--教材 | |
| 电子资源: | ||
| ISBN: | 7-112-08088-6 | |
| 000 | 00902nam0 2200241 450 | |
| 001 | 012007903706 | |
| 005 | 20130628152851.62 | |
| 010 | @a7-112-08088-6@dCNY35.00 | |
| 100 | @a20070818d2006 km y0chiy0120 ea | |
| 101 | 0 | @achi |
| 102 | @aCN@b110000 | |
| 105 | @aaf a 000yy | |
| 200 | 1 | @a园林植物与应用@Ayuan lin zhi wu yu ying yong@f李文敏编著@Fli wen min bian zhu |
| 210 | @a北京@c中国建筑工业出版社@d2006.03 | |
| 215 | @a345页@c图@d26cm | |
| 300 | @a高校建筑学玉城市规划专业教材 | |
| 320 | @a有书目 (第345页)。 | |
| 330 | @a本书以植物科学、规划设计、艺术美学多学科交叉融合为基础,以仿生学的源泉与启迪功能为切入点,介绍城市园林常用植物材料,讲述景观规划设计中植物应用的基本原理与方法,以及城市规划相关的植物知识等。 | |
| 606 | 0 | @a园林植物@Ayuan lin zhi wu@x高等学校@j教材 |
| 690 | @aS688@v4 | |
| 701 | 0 | @a李文敏,@Ali wen min@f1939- @4编著 |
| 801 | 0 | @aCN@c20110614 |
| 905 | @dS688@eL284 | |
| 园林植物与应用/李文敏编著.-北京:中国建筑工业出版社,2006.03 |
| 345页:图;26cm |
| 高校建筑学玉城市规划专业教材 |
| ISBN 7-112-08088-6:CNY35.00 |
| 本书以植物科学、规划设计、艺术美学多学科交叉融合为基础,以仿生学的源泉与启迪功能为切入点,介绍城市园林常用植物材料,讲述景观规划设计中植物应用的基本原理与方法,以及城市规划相关的植物知识等。 |
| ● |
| 相关链接 |
|
|
|
正题名:园林植物与应用
索取号:S688/L284
 
预约/预借
| 序号 | 登录号 | 条形码 | 馆藏地/架位号 | 状态 | 备注 |
| 1 | 260789 | 202607893 | 自科库401/401自科库 68排4列1层/ [索取号:S688/L284] | 在馆 | |
| 2 | 260790 | 202607900 | 自科库401/401自科库 68排4列1层/ [索取号:S688/L284] | 在馆 | |
| 3 | 466201 | 204662016 | 自科库401/401自科库 68排4列1层/ [索取号:S688/L284] | 在馆 | |
| 4 | 488239 | 204882396 | 自科二线504/504自科库 22排1列4层/ [索取号:S688/L284] | 在馆 | |
| 5 | 488240 | 204882403 | 自科二线504/504自科库 22排1列4层/ [索取号:S688/L284] | 在馆 | |
| 6 | 488370 | 204883705 | 自科二线504/504自科库 20排1列6层/ [索取号:S688/L284] | 在馆 | |
| 7 | 488371 | 204883714 | 自科二线504/504自科库 20排1列6层/ [索取号:S688/L284] | 在馆 | |
| 8 | 488372 | 204883723 | 自科二线504/504自科库 20排1列6层/ [索取号:S688/L284] | 在馆 | |
| 9 | 489574 | 204895747 | 自科二线504/504自科库 20排1列6层/ [索取号:S688/L284] | 在馆 | |
| 10 | 489575 | 204895756 | 自科二线504/504自科库 20排1列6层/ [索取号:S688/L284] | 在馆 | |
| 11 | 489576 | 204895765 | 自科二线504/504自科库 20排1列6层/ [索取号:S688/L284] | 在馆 | |
| 12 | 489577 | 204895774 | 自科二线504/504自科库 20排1列6层/ [索取号:S688/L284] | 在馆 | |
| 13 | 489578 | 204895783 | 自科二线504/504自科库 20排1列6层/ [索取号:S688/L284] | 在馆 | |
| 14 | 491755 | 204917554 | 自科库401/401自科库 68排4列1层/ [索取号:S688/L284] | 在馆 |